| 000 | 00000nas##2200000za#4500 |
| 001 | 9.511999 |
| 003 | CaOODSP |
| 005 | 20231123085003 |
| 007 | ta |
| 008 | 150406c2005||||xxc|| p #||||f| |0fre|d |
| 022 | |a1914-1246 |
| 040 | |aCaOODSP|bfre |
| 041 | |aeng |
| 041 | |afre |
| 043 | |an-cn--- |
| 086 | 1 |aFR2-3 |
| 110 | 1 |aCanada. |bAffaires étrangères et commerce international Canada. |
| 245 | 10|aProgramme de partenariat mondial, rapport au Parlement |
| 260 | |aOttawa - Ontario : |bAffaires étrangères et Commerce international |
| 310 | |aAnnuel |
| 362 | 1 |a[2005] -- |
| 500 | |a«Le Partenariat mondial, un programme multilatéral du G8, répond à une des menaces les plus sérieuses auxquelles nous fassions [i.e. faisons] face aujourd'hui : celle des armes de destruction massive et de leur acquisition par des groupes terroristes ou des États qui suscitent des préoccupations en matière de prolifération.»--Message du ministre, rapport au Parlement 2007-2009. |
| 520 | 3 |aDécrit les efforts déployés par le Canada et ses partenaires du G-8 dans le cadre de projets portant sur le désarmement, la non-prolifération, la lutte contre le terrorisme et la sûreté nucléaire. |
| 563 | |aCouverture souple |
| 691 | 07|aLimitation des armements|2gcpds |
| 776 | 0#|tGlobal Partnership Program, report to Parliament |w(CaOODSP)9.507038 |
| 776 | 0#|tProgramme de partenariat mondial, rapport au Parlement |w(CaOODSP)9.503430 |
| 791 | |tGlobal Partnership Program, report to Parliament |eeng|w(CaOODSP)9.511998 |